| 000 | 00425nam a2200157Ia 4500 | ||
|---|---|---|---|
| 008 | 230312s9999||||xx |||||||||||||| ||und|| | ||
| 020 | _a0-8493-4190-6 | ||
| 082 |
_a621.384 _bTSO-M |
||
| 100 | _aTsoulos;George | ||
| 245 | 0 | _aMIMO System Technology for Wireless Communications | |
| 260 |
_bTaylor & Francis _aLondon _c2006 |
||
| 300 | _a378 | ||
| 546 | _aEng. | ||
| 650 |
_aEngineering _vElectronics,Engineering |
||
| 942 | _cBK | ||
| 999 |
_c9397 _d9397 |
||